[Event "DVM U20w 2003"]
[Site "Ditzingen GER"]
[Date "2003.12.29"]
[Round "5"]
[White "Lehner, Martina"]
[Black "Erben, Larissa"]
[Result "0-1"]
[Termination "normal"]
[Board "4.2"]
[WhiteElo "1241"]
[BlackElo "1497"]
[WhiteTeam "Allersberger SC 2000"]
[BlackTeam "SV Wolfbusch"]
[PlyCount "86"]
[BlackFideId "24634590"]
[EventCountry "GER"]
[EventRounds "7"]
[EventType "team-swiss"]
[EventDate "2003.12.26"]

1. e4 e5 2. Nf3 Nc6 3. Nc3 Nf6 4. d4 exd4 5. Nxd4 Bb4 6. Nde2 Nxe4 7. Bd2 Bxc3
8. Nxc3 Qe7 9. Be2 Nd4 10. Rc1 O-O 11. Kf1 Re8 12. Bd3 Nxd2+ 13. Qxd2 b6 14.
Be4 Ba6+ 15. Kg1 Nc6 16. h3 Rad8 17. Kh2 Qb4 18. Qf4 Qxb2 19. Nd5 Qe5 20. Rhe1
Qxf4+ 21. Nxf4 Bb7 22. a3 Re5 23. Nd3 Ra5 24. Ra1 d5 25. Bf3 Nd4 26. Rec1 Nxf3+
27. gxf3 d4 28. Kg3 Rf5 29. f4 Rd6 30. Re1 Kf8 31. Re2 Rg6+ 32. Kh2 Rg2+ 33.
Kh1 Rxf2+ 34. Kg1 Rxe2 35. Rc1 Be4 36. Rd1 Rxc2 37. Nf2 Rxf4 38. Nxe4 Rxe4 39.
Kf1 c5 40. Kg1 Re3 41. h4 Rxa3 42. Kf1 Rh3 43. Kg1 Rxh4 0-1

[Event "DVM U20w 2003"]
[Site "Ditzingen GER"]
[Date "2003.12.29"]
[Round "5"]
[White "Hafner, Katrin"]
[Black "Lehner, Marianne"]
[Result "1/2-1/2"]
[Termination "normal"]
[Board "4.3"]
[WhiteElo "1439"]
[BlackElo "1295"]
[WhiteTeam "SV Wolfbusch"]
[BlackTeam "Allersberger SC 2000"]
[PlyCount "48"]
[WhiteFideId "24668001"]
[EventCountry "GER"]
[EventRounds "7"]
[EventType "team-swiss"]
[EventDate "2003.12.26"]

1. e4 e5 2. Nf3 Nc6 3. d4 exd4 4. Nxd4 d6 5. Nc3 Nf6 6. Bc4 Be7 7. O-O Ne5 8.
Bb3 O-O 9. f4 Nc6 10. Nxc6 bxc6 11. Qf3 Bb7 12. Be3 c5 13. Nd5 Bc6 14. c4 Rb8
15. Rab1 a6 16. Bc2 a5 17. Qg3 Re8 18. Bd2 Bf8 19. Nxf6+ Qxf6 20. e5 dxe5 21.
fxe5 Qxe5 22. Qxe5 Rxe5 23. Bxa5 Bd6 24. Bc3 Re2 1/2-1/2

[Event "DVM U20w 2003"]
[Site "Ditzingen GER"]
[Date "2003.12.29"]
[Round "5"]
[White "Schuster, Kathrin"]
[Black "Häcker, Katrin"]
[Result "0-1"]
[Termination "normal"]
[Board "4.4"]
[WhiteElo "913"]
[BlackElo "1179"]
[WhiteTeam "Allersberger SC 2000"]
[BlackTeam "SV Wolfbusch"]
[PlyCount "24"]
[BlackFideId "24667986"]
[EventCountry "GER"]
[EventRounds "7"]
[EventType "team-swiss"]
[EventDate "2003.12.26"]

1. e4 e5 2. Nf3 Nc6 3. Bc4 Bc5 4. Nc3 d6 5. d3 Bg4 6. O-O Nd4 7. Bg5 f6 8. Be3
Nxf3+ 9. gxf3 Bh3 10. Re1 f5 11. Bxc5 Qg5+ 12. Kh1 Qg2# 0-1

[Event "DVM U20w 2003"]
[Site "Ditzingen GER"]
[Date "2003.12.29"]
[Round "5"]
[White "Stejskal, Janina Maria"]
[Black "Reiske, Anne"]
[Result "0-1"]
[Termination "normal"]
[Board "5.1"]
[WhiteElo "1833"]
[BlackElo "1631"]
[WhiteTeam "Hamburger SK von 1830"]
[BlackTeam "TSG Mutterstadt"]
[PlyCount "70"]
[WhiteFideId "24601942"]
[BlackFideId "24635472"]
[EventCountry "GER"]
[EventRounds "7"]
[EventType "team-swiss"]
[EventDate "2003.12.26"]

1. e4 e5 2. Nf3 Nf6 3. Nxe5 d6 4. Nf3 Nxe4 5. d4 d5 6. Bd3 Nc6 7. O-O Be7 8. c4
Nf6 9. Nc3 Bg4 10. Be3 Rb8 11. cxd5 Nxd5 12. h3 Bh5 13. Be4 Nxc3 14. bxc3 Bf6
15. d5 Ne7 16. Bxa7 Ra8 17. Bd4 Nxd5 18. Bxf6 Nxf6 19. Bxb7 Qxd1 20. Raxd1 Rb8
21. Bc6+ Kf8 22. g4 Bg6 23. Ne5 Kg8 24. Nd7 Nxd7 25. Rxd7 h5 26. Rxc7 hxg4 27.
hxg4 Rh4 28. Bf3 Rb2 29. a4 Ra2 30. Bd1 Be4 31. f3 Rhh2 32. Re1 Rag2+ 33. Kf1
Bd3+ 34. Be2 Bxe2+ 35. Rxe2 Rxe2 0-1

[Event "DVM U20w 2003"]
[Site "Ditzingen GER"]
[Date "2003.12.29"]
[Round "5"]
[White "Auburger, Kirstin"]
[Black "Stoehr, Friederike"]
[Result "1-0"]
[Termination "normal"]
[Board "5.2"]
[WhiteElo "1673"]
[BlackElo "1539"]
[WhiteTeam "TSG Mutterstadt"]
[BlackTeam "Hamburger SK von 1830"]
[PlyCount "129"]
[WhiteFideId "24620726"]
[EventCountry "GER"]
[EventRounds "7"]
[EventType "team-swiss"]
[EventDate "2003.12.26"]

1. d4 Nf6 2. Bg5 g6 3. Bxf6 exf6 4. e3 Bg7 5. g3 O-O 6. Bg2 c6 7. Ne2 d5 8. O-O
f5 9. Nd2 Nd7 10. c4 Nf6 11. Qc2 Be6 12. c5 Ne4 13. b4 h6 14. a4 a6 15. Rfb1
Bd7 16. Nc3 Qc7 17. Rb3 Rfc8 18. Rab1 Rab8 19. b5 cxb5 20. Nxd5 Qd8 21. Nxe4
fxe4 22. axb5 Bxb5 23. Qxe4 Kf8 24. Nc3 Bc6 25. Qd3 Bxg2 26. Kxg2 Qd7 27. Ne4
Qd5 28. f3 Rd8 29. Rb6 Rd7 30. Rxa6 Rc8 31. Ra3 f5 32. Nd6 Rb8 33. Rab3 Bf6 34.
Qb5 Rc7 35. Qc4 Qxd6 36. cxd6 Rxc4 37. Rxb7 Rc2+ 38. Kh3 Rxb7 39. Rxb7 Rc8 40.
Rb6 Rd8 41. f4 Rd7 42. g4 fxg4+ 43. Kxg4 h5+ 44. Kf3 Kf7 45. Ke4 Ke6 46. d5+
Kf7 47. Kd3 Bd8 48. Ra6 Rb7 49. e4 g5 50. fxg5 Bxg5 51. e5 Rb8 52. Ke4 Ke8 53.
Kf5 Bd8 54. e6 Rb6 55. Rxb6 Bxb6 56. Kg5 Bc5 57. d7+ Ke7 58. Kxh5 Bb6 59. Kg6
Bd8 60. h4 Kf8 61. h5 Kg8 62. h6 Kh8 63. d6 Kg8 64. e7 Bxe7 65. dxe7 1-0

[Event "DVM U20w 2003"]
[Site "Ditzingen GER"]
[Date "2003.12.29"]
[Round "5"]
[White "Hetterich, Tanja"]
[Black "Giersiepen, Annika"]
[Result "0-1"]
[Termination "normal"]
[Board "5.4"]
[WhiteElo "1140"]
[BlackElo "1433"]
[WhiteTeam "TSG Mutterstadt"]
[BlackTeam "Hamburger SK von 1830"]
[PlyCount "48"]
[EventCountry "GER"]
[EventRounds "7"]
[EventType "team-swiss"]
[EventDate "2003.12.26"]

1. e4 d6 2. d4 Nf6 3. Nc3 c6 4. Nf3 Bg4 5. Be2 Qa5 6. O-O Nbd7 7. Re1 e6 8. Bg5
Bxf3 9. Bxf6 Bxe2 10. Qxe2 Nxf6 11. e5 dxe5 12. dxe5 Nd5 13. Nxd5 cxd5 14. c3
Be7 15. Qg4 Rg8 16. a3 Rc8 17. Rad1 Rc4 18. Rd4 Rxd4 19. Qxd4 Qc5 20. Qd3 g6
21. Qh3 h5 22. Qe3 Qxe3 23. Rxe3 Bg5 24. Rd3 Bf4 0-1

[Event "DVM U20w 2003"]
[Site "Ditzingen GER"]
[Date "2003.12.29"]
[Round "5"]
[White "Gasch, Franziska"]
[Black "Weiß, Katharina"]
[Result "0-1"]
[Termination "normal"]
[Board "6.1"]
[WhiteElo "1544"]
[BlackElo "1618"]
[WhiteTeam "SC Leipzig-Lindenau"]
[BlackTeam "ESV Delitzsch"]
[PlyCount "72"]
[WhiteFideId "24632139"]
[BlackFideId "24692859"]
[EventCountry "GER"]
[EventRounds "7"]
[EventType "team-swiss"]
[EventDate "2003.12.26"]

1. e4 c5 2. d4 cxd4 3. c3 dxc3 4. Nxc3 e6 5. Nf3 Nc6 6. Bc4 Qc7 7. Nb5 Qb8 8.
a4 Nf6 9. Qe2 Bc5 10. O-O a6 11. Nc3 Ng4 12. g3 d6 13. Kg2 O-O 14. Bb3 Rd8 15.
Ng5 Nf6 16. Nf3 h6 17. Rd1 Qc7 18. Bc2 Ng4 19. Rf1 Qb6 20. h3 Nge5 21. Nxe5
dxe5 22. Qg4 Kh7 23. Qh5 Qc7 24. g4 Nd4 25. Bd1 b6 26. Kh2 Rh8 27. Rg1 Kg8 28.
g5 hxg5 29. Qxg5 Rh7 30. h4 Be7 31. Qg2 Rxh4+ 32. Kg3 Rh7 33. f3 Bh4+ 34. Kh3
Bf2+ 35. Kg4 Rh4+ 36. Kg5 Qe7# 0-1

[Event "DVM U20w 2003"]
[Site "Ditzingen GER"]
[Date "2003.12.29"]
[Round "5"]
[White "Müller, Silvana"]
[Black "Köditz, Katja"]
[Result "1/2-1/2"]
[Termination "normal"]
[Board "6.2"]
[WhiteElo "1418"]
[BlackElo "1566"]
[WhiteTeam "ESV Delitzsch"]
[BlackTeam "SC Leipzig-Lindenau"]
[PlyCount "118"]
[EventCountry "GER"]
[EventRounds "7"]
[EventType "team-swiss"]
[EventDate "2003.12.26"]

1. e4 Nf6 2. Nc3 d5 3. exd5 Nxd5 4. Bc4 Nf6 5. d3 Nc6 6. Bg5 e6 7. Qd2 Bd7 8.
h3 Bb4 9. Nge2 h6 10. Be3 Ne5 11. Bb3 Bc6 12. Rg1 Bxg2 13. Qc1 Nf3+ 14. Kd1
Nxg1 15. Nxg1 Bc6 16. Bd2 Qd4 17. Nce2 Bxd2 18. Nxd4 Bxc1 19. Rxc1 Bd7 20. Ngf3
O-O-O 21. Ne2 Be8 22. Ke1 g5 23. Ng3 Nd5 24. Bxd5 Rxd5 25. Ne4 Bc6 26. Nc3 Rd6
27. Ne5 Be8 28. Kd2 h5 29. Rg1 Rg8 30. f4 g4 31. Ne4 Ra6 32. Nf6 Rf8 33. Nxe8
Rxe8 34. hxg4 f6 35. Nc4 hxg4 36. Rxg4 Rxa2 37. b3 b5 38. Ne3 Ra1 39. f5 exf5
40. Nxf5 Rf1 41. Nd4 a6 42. Rg7 Kb7 43. Rf7 Re5 44. Kc3 Kb6 45. b4 Rf4 46. Nb3
Rh5 47. Nc5 Rxb4 48. Kxb4 Rxc5 49. Rxf6+ Rc6 50. Rxc6+ Kxc6 51. Ka5 Kb7 52. c4
bxc4 53. dxc4 c5 54. Ka4 Kb6 55. Kb3 Kc6 56. Ka4 Kb6 57. Kb3 a5 58. Ka4 Ka6 59.
Ka3 Ka7 1/2-1/2

[Event "DVM U20w 2003"]
[Site "Ditzingen GER"]
[Date "2003.12.29"]
[Round "5"]
[White "Spangenberg, Romy"]
[Black "Warnick, Anita"]
[Result "1/2-1/2"]
[Termination "normal"]
[Board "6.3"]
[WhiteElo "886"]
[BlackElo "883"]
[WhiteTeam "SC Leipzig-Lindenau"]
[BlackTeam "ESV Delitzsch"]
[PlyCount "42"]
[WhiteFideId "4627997"]
[EventCountry "GER"]
[EventRounds "7"]
[EventType "team-swiss"]
[EventDate "2003.12.26"]

1. e4 e5 2. Nf3 Nc6 3. d4 exd4 4. Nxd4 Nxd4 5. Qxd4 d6 6. Nc3 Nf6 7. Bg5 Be7 8.
O-O-O O-O 9. Bc4 Be6 10. Bxe6 fxe6 11. f4 c5 12. Qd2 e5 13. Nd5 h6 14. Nxf6+
Bxf6 15. Bxf6 Qxf6 16. Qd5+ Rf7 17. f5 Qg5+ 18. Qd2 Qxd2+ 19. Rxd2 Rd8 20. g4
b5 21. h4 b4 1/2-1/2

[Event "DVM U20w 2003"]
[Site "Ditzingen GER"]
[Date "2003.12.29"]
[Round "5"]
[White "Kummer, Annett"]
[Black "Bähr, Madeleine"]
[Result "1-0"]
[Termination "normal"]
[Board "6.4"]
[WhiteElo "817"]
[BlackElo "524"]
[WhiteTeam "ESV Delitzsch"]
[BlackTeam "SC Leipzig-Lindenau"]
[PlyCount "57"]
[EventCountry "GER"]
[EventRounds "7"]
[EventType "team-swiss"]
[EventDate "2003.12.26"]

1. e4 e5 2. Nf3 Nc6 3. Nc3 Bb4 4. a3 Bc5 5. Nxe5 Nxe5 6. d4 Qh4 7. dxc5 Nf6 8.
g3 Nf3+ 9. Qxf3 Qg4 10. Be2 d6 11. Bd2 dxc5 12. O-O-O O-O 13. e5 h5 14. exf6
gxf6 15. Qxf6 Qg7 16. Qh4 Bg4 17. Rhe1 Rfe8 18. f3 Bxf3 19. Bxf3 Rxe1 20. Rxe1
Kh8 21. Qxh5+ Kg8 22. Qxc5 b6 23. Qe7 Qf8 24. Bxa8 Qxa8 25. Nb5 Qf8 26. Nxc7
Qh6 27. Bxh6 Kh7 28. Qg5 Kh8 29. Qg7# 1-0

[Event "DVM U20w 2003"]
[Site "Ditzingen GER"]
[Date "2003.12.30"]
[Round "7"]
[White "Kind, Veronika"]
[Black "Winnicki, Alice"]
[Result "1/2-1/2"]
[Termination "normal"]
[Board "1.1"]
[WhiteElo "1829"]
[BlackElo "2032"]
[WhiteTeam "SV Glück auf Rüdersdorf"]
[BlackTeam "SK Johanneum Eppendorf"]
[PlyCount "60"]
[BlackFideId "4687990"]
[EventCountry "GER"]
[EventRounds "7"]
[EventType "team-swiss"]
[EventDate "2003.12.26"]

1. e4 e6 2. d4 d5 3. Nd2 dxe4 4. Nxe4 Nd7 5. Nf3 Ngf6 6. Nxf6+ Nxf6 7. Bd3 c5
8. O-O cxd4 9. Bb5+ Bd7 10. Bxd7+ Qxd7 11. Qxd4 Qc6 12. c3 Bc5 13. Qh4 O-O 14.
Bg5 Ne4 15. Be7 Bxe7 16. Qxe7 Rad8 17. Qb4 Nd2 18. Nxd2 Rxd2 19. Rad1 Rfd8 20.
Rxd2 Rxd2 21. Qf4 Rd6 22. h3 g6 23. h4 h5 24. Re1 Qd7 25. Re2 Kg7 26. Qe4 f6
27. a3 e5 28. f4 Rd1+ 29. Kh2 Qg4 30. fxe5 Qxe4 1/2-1/2

[Event "DVM U20w 2003"]
[Site "Ditzingen GER"]
[Date "2003.12.30"]
[Round "7"]
[White "Chin, Karin"]
[Black "Hönecke, Judith"]
[Result "0-1"]
[Termination "normal"]
[Board "1.2"]
[WhiteElo "1775"]
[BlackElo "1779"]
[WhiteTeam "SK Johanneum Eppendorf"]
[BlackTeam "SV Glück auf Rüdersdorf"]
[PlyCount "84"]
[WhiteFideId "24608157"]
[BlackFideId "4696328"]
[EventCountry "GER"]
[EventRounds "7"]
[EventType "team-swiss"]
[EventDate "2003.12.26"]

1. e4 c5 2. Nc3 d6 3. Nf3 e6 4. d4 cxd4 5. Nxd4 a6 6. Be2 Be7 7. O-O Qc7 8. Be3
Nf6 9. f4 Nbd7 10. Qe1 b5 11. a3 Bb7 12. Qg3 O-O 13. Bd3 Nb6 14. Kh1 Nc4 15.
Bc1 Rac8 16. Qh3 Qb6 17. Nde2 e5 18. Ng3 g6 19. fxe5 dxe5 20. Nd1 Nd6 21. Be3
Qc7 22. Nf2 Rfd8 23. Bg5 Nde8 24. Ng4 Nxg4 25. Qxg4 Ng7 26. Bf6 Bxf6 27. Rxf6
Rd6 28. Raf1 Rxf6 29. Rxf6 Qe7 30. Rf1 h5 31. Qe2 h4 32. Nf5 gxf5 33. exf5 Qf6
34. Be4 Bxe4 35. Qxe4 Rd8 36. Qf3 Qxf5 37. Qxf5 Nxf5 38. Kg1 Ne3 39. Re1 Rd1
40. Rxd1 Nxd1 41. b3 Ne3 42. c3 Kg7 0-1

[Event "DVM U20w 2003"]
[Site "Ditzingen GER"]
[Date "2003.12.30"]
[Round "7"]
[White "Müller, Thea-Lina"]
[Black "Schmidt, Jade"]
[Result "1/2-1/2"]
[Termination "normal"]
[Board "1.3"]
[WhiteElo "1737"]
[BlackElo "1699"]
[WhiteTeam "SV Glück auf Rüdersdorf"]
[BlackTeam "SK Johanneum Eppendorf"]
[PlyCount "82"]
[WhiteFideId "24604054"]
[EventCountry "GER"]
[EventRounds "7"]
[EventType "team-swiss"]
[EventDate "2003.12.26"]

1. e4 e6 2. d4 d5 3. e5 c5 4. c3 Nc6 5. Nf3 Qb6 6. Be2 cxd4 7. cxd4 f6 8. exf6
Nxf6 9. O-O Bd6 10. Nc3 a6 11. Na4 Qa7 12. Be3 O-O 13. Rc1 Ne7 14. Qb3 Rb8 15.
Nc5 b6 16. Nd3 Bd7 17. Bf4 Bxf4 18. Nxf4 Ne4 19. Nd3 Nc6 20. Qd1 Na5 21. Nde5
b5 22. b3 Rbc8 23. Qd3 Rxc1 24. Rxc1 Be8 25. Rc8 Qb7 26. Rc1 Nc6 27. Nxc6 Bxc6
28. Rf1 Rc8 29. Ne5 Be8 30. Bg4 Bf7 31. Qh3 Rc3 32. f3 Ng5 33. Qh4 h6 34. f4
Ne4 35. f5 exf5 36. Bxf5 Be8 37. Be6+ Kh8 38. Rf8+ Kh7 39. Bf5+ g6 40. Bxe4
dxe4 41. Qf4 e3 1/2-1/2

[Event "DVM U20w 2003"]
[Site "Ditzingen GER"]
[Date "2003.12.30"]
[Round "7"]
[White "Rohlfs, Ricarda"]
[Black "Busse, Nadine"]
[Result "0-1"]
[Termination "normal"]
[Board "1.4"]
[WhiteElo "1671"]
[BlackElo "1664"]
[WhiteTeam "SK Johanneum Eppendorf"]
[BlackTeam "SV Glück auf Rüdersdorf"]
[PlyCount "74"]
[BlackFideId "24632023"]
[EventCountry "GER"]
[EventRounds "7"]
[EventType "team-swiss"]
[EventDate "2003.12.26"]

1. e4 c5 2. Nc3 d6 3. Nf3 Nf6 4. d4 cxd4 5. Nxd4 a6 6. Be2 e6 7. O-O Be7 8. f4
Qc7 9. Kh1 b5 10. Bd3 Bb7 11. Qe1 Nbd7 12. Nb3 Nb6 13. a3 Nc4 14. Nd2 Nxa3 15.
Rxa3 b4 16. Rb3 bxc3 17. Rxc3 Qd7 18. Qf2 O-O 19. Qg3 Rfc8 20. Rxc8+ Rxc8 21.
Nc4 Qc7 22. Nd2 Qb6 23. Qh3 e5 24. Qg3 Qc7 25. f5 d5 26. exd5 Bxd5 27. c3 Bd6
28. Qh4 Qb7 29. Qf2 e4 30. Be2 e3 31. Qg1 exd2 32. Bxd2 Bc5 33. Rf2 Qb6 34. Be1
Ne4 35. Qf1 Bxf2 36. Bxf2 Qxf2 37. Qd1 Ng3+ 0-1

[Event "DVM U20w 2003"]
[Site "Ditzingen GER"]
[Date "2003.12.30"]
[Round "7"]
[White "Reiske, Anne"]
[Black "Rezai, Yuanne"]
[Result "1/2-1/2"]
[Termination "normal"]
[Board "2.1"]
[WhiteElo "1631"]
[BlackElo "1827"]
[WhiteTeam "TSG Mutterstadt"]
[BlackTeam "SF Wadgassen-Differten"]
[PlyCount "40"]
[WhiteFideId "24635472"]
[EventCountry "GER"]
[EventRounds "7"]
[EventType "team-swiss"]
[EventDate "2003.12.26"]

1. e4 d5 2. exd5 Nf6 3. d4 Bg4 4. Nf3 Qxd5 5. Nc3 Qh5 6. Be2 Nc6 7. Be3 Rd8 8.
h3 e5 9. Qd2 Bb4 10. O-O-O Bxf3 11. Bxf3 Qf5 12. Qe1 e4 13. Be2 Qa5 14. Bc4 O-O
15. g4 Nd5 16. Bd2 Nb6 17. Bb3 Nxd4 18. Nxe4 Bxd2+ 19. Nxd2 Rfe8 20. Ne4 Qb5
1/2-1/2

[Event "DVM U20w 2003"]
[Site "Ditzingen GER"]
[Date "2003.12.30"]
[Round "7"]
[White "Thiery, Jennifer"]
[Black "Auburger, Kirstin"]
[Result "0-1"]
[Termination "normal"]
[Board "2.2"]
[WhiteElo "1688"]
[BlackElo "1673"]
[WhiteTeam "SF Wadgassen-Differten"]
[BlackTeam "TSG Mutterstadt"]
[PlyCount "84"]
[BlackFideId "24620726"]
[EventCountry "GER"]
[EventRounds "7"]
[EventType "team-swiss"]
[EventDate "2003.12.26"]

1. e4 d5 2. exd5 Qxd5 3. Nc3 Qa5 4. d4 c6 5. Bc4 Bf5 6. Nf3 Nf6 7. Bd2 e6 8.
O-O Qc7 9. Ne5 Bd6 10. f4 O-O 11. Be3 Nbd7 12. Bd3 Bg6 13. Bxg6 hxg6 14. Rf3
Rfd8 15. Qd3 Bxe5 16. fxe5 Nxe5 17. Qe2 Nxf3+ 18. Qxf3 Qa5 19. a3 Qh5 20. Qg3
Qf5 21. Rc1 Ne4 22. Qe1 Nxc3 23. Qxc3 Qd5 24. Re1 f6 25. Bf2 Kf7 26. Qe3 Rh8
27. c3 Rh5 28. g4 Rh7 29. Bg3 Rc8 30. Bf2 b6 31. b4 Ra8 32. Qf4 Qd7 33. Kh1 g5
34. Qg3 Rah8 35. Qg2 Qd5 36. Bg3 Qxg2+ 37. Kxg2 Ra8 38. Re3 a5 39. h3 axb4 40.
axb4 b5 41. Be1 Ra2+ 42. Kg3 g6 0-1

[Event "DVM U20w 2003"]
[Site "Ditzingen GER"]
[Date "2003.12.30"]
[Round "7"]
[White "Ley, Janine"]
[Black "Hetterich, Tanja"]
[Result "1-0"]
[Termination "normal"]
[Board "2.4"]
[WhiteElo "1388"]
[BlackElo "1140"]
[WhiteTeam "SF Wadgassen-Differten"]
[BlackTeam "TSG Mutterstadt"]
[PlyCount "53"]
[WhiteFideId "24671274"]
[EventCountry "GER"]
[EventRounds "7"]
[EventType "team-swiss"]
[EventDate "2003.12.26"]

1. c4 c5 2. Nc3 d6 3. g3 g6 4. Bg2 Bg7 5. e3 Nc6 6. Nge2 Be6 7. b3 Nf6 8. Rb1
O-O 9. O-O Rb8 10. Bb2 a6 11. d4 cxd4 12. Nxd4 Nxd4 13. Qxd4 Qa5 14. Qd3 b5 15.
cxb5 axb5 16. Ra1 b4 17. Ne2 Bf5 18. Qd1 Rfc8 19. Nd4 Qc5 20. Rc1 Qb6 21. Nc6
Bg4 22. Nxe7+ Kf8 23. Rxc8+ Rxc8 24. Nxc8 Bxc8 25. Qc2 Bb7 26. Rc1 Kg8 27. Bxb7
1-0

[Event "DVM U20w 2003"]
[Site "Ditzingen GER"]
[Date "2003.12.30"]
[Round "7"]
[White "Beltz, Franziska"]
[Black "Stutz, Andrea"]
[Result "1-0"]
[Termination "normal"]
[Board "3.1"]
[WhiteElo "1987"]
[BlackElo "1983"]
[WhiteTeam "SC Leipzig-Gohlis"]
[BlackTeam "SC Tamm 74"]
[PlyCount "105"]
[WhiteFideId "4681401"]
[BlackFideId "4697146"]
[EventCountry "GER"]
[EventRounds "7"]
[EventType "team-swiss"]
[EventDate "2003.12.26"]

1. e4 d5 2. exd5 Nf6 3. c4 c6 4. d4 cxd5 5. Nc3 e6 6. Nf3 Nc6 7. cxd5 Nxd5 8.
Bd3 Be7 9. O-O Bf6 10. Bb1 b6 11. Re1 Bb7 12. a3 Nde7 13. Be3 Qd7 14. Ne4 Nd5
15. Bc1 Rb8 16. Qd3 Be7 17. Ne5 Qc8 18. Qg3 Rg8 19. Qh3 h6 20. Qh5 Rf8 21. Be3
Nf6 22. Nxf6+ Bxf6 23. Ba2 Bxe5 24. dxe5 Ke7 25. Qh4+ Ke8 26. Rac1 Qd7 27. Qg4
Rd8 28. Bxh6 Qd4 29. Qxd4 Rxd4 30. Be3 Rd7 31. f4 Ke7 32. Bf2 Rd2 33. Rb1 Nd4
34. Red1 Rxd1+ 35. Rxd1 Ne2+ 36. Kf1 Nxf4 37. g3 Ng6 38. Bd4 Rh8 39. Kg1 Rd8
40. Bb3 Bd5 41. Bc2 Nf8 42. Bc3 Nd7 43. Kf2 Rh8 44. h4 Rh5 45. Re1 Rh8 46. Bd1
Rc8 47. Be2 Nc5 48. Ke3 Ne4 49. Bb4+ Kd7 50. Rf1 Ke8 51. Bb5+ Kd8 52. Rxf7 Nc5
53. Rxg7 1-0

[Event "DVM U20w 2003"]
[Site "Ditzingen GER"]
[Date "2003.12.30"]
[Round "7"]
[White "Bonfert, Nadine"]
[Black "Beltz, Carmen"]
[Result "1/2-1/2"]
[Termination "normal"]
[Board "3.2"]
[WhiteElo "1584"]
[BlackElo "1752"]
[WhiteTeam "SC Tamm 74"]
[BlackTeam "SC Leipzig-Gohlis"]
[PlyCount "54"]
[WhiteFideId "4633636"]
[BlackFideId "24608726"]
[EventCountry "GER"]
[EventRounds "7"]
[EventType "team-swiss"]
[EventDate "2003.12.26"]

1. e4 c5 2. Nf3 d6 3. Nc3 g6 4. Bc4 Bg7 5. d3 e6 6. O-O Ne7 7. Re1 Nbc6 8. Bd2
O-O 9. Rb1 a6 10. Ne2 b5 11. Bb3 d5 12. exd5 exd5 13. c3 Nf5 14. Bf4 c4 15. Bc2
d4 16. dxc4 bxc4 17. cxd4 Ncxd4 18. Nexd4 Nxd4 19. Nxd4 Qxd4 20. Qxd4 Bxd4 21.
Re4 Bf5 22. Rxd4 Bxc2 23. Rc1 Bd3 24. b3 Rad8 25. Rxd8 Rxd8 26. bxc4 Bxc4 27.
a3 Bb3 1/2-1/2

[Event "DVM U20w 2003"]
[Site "Ditzingen GER"]
[Date "2003.12.30"]
[Round "7"]
[White "Salden, Franziska"]
[Black "Rüdel, Anita"]
[Result "0-1"]
[Termination "normal"]
[Board "3.3"]
[WhiteElo "1471"]
[BlackElo "1438"]
[WhiteTeam "SC Leipzig-Gohlis"]
[BlackTeam "SC Tamm 74"]
[PlyCount "98"]
[WhiteFideId "24601268"]
[EventCountry "GER"]
[EventRounds "7"]
[EventType "team-swiss"]
[EventDate "2003.12.26"]

1. e4 e6 2. d4 d5 3. Nc3 Bb4 4. e5 c5 5. a3 Bxc3+ 6. bxc3 Qc7 7. Qg4 f5 8. Qg3
cxd4 9. cxd4 Ne7 10. c3 O-O 11. Bd2 Nbc6 12. h4 Na5 13. Nh3 Nb3 14. Ra2 Nxd2
15. Kxd2 Nc6 16. Nf4 Qa5 17. Nh5 Rf7 18. Qd3 a6 19. Be2 b5 20. Rb1 Rb8 21. Raa1
Rbb7 22. Ke3 Qb6 23. f4 Qd8 24. Rh1 Na5 25. Kf2 Nc4 26. Qc2 Rbc7 27. Ng3 Qe7
28. a4 bxa4 29. Rxa4 Qe8 30. Bxc4 Rxc4 31. Rxc4 dxc4 32. Nf1 Rb7 33. Nd2 Qc6
34. Qa2 Rd7 35. Rb1 Bb7 36. Nf3 Qe4 37. Rb2 Qxf4 38. Rb6 Bxf3 39. gxf3 Qxh4+
40. Ke3 Qg5+ 41. Kf2 Qh4+ 42. Kg2 Qg5+ 43. Kf2 f4 44. Kf1 Qf5 45. Qe2 a5 46.
Ra6 Qd3 47. Rxa5 Qxc3 48. Rc5 Rb7 49. Qxc4 Qxf3+ 0-1

[Event "DVM U20w 2003"]
[Site "Ditzingen GER"]
[Date "2003.12.30"]
[Round "7"]
[White "Haecker, Christine"]
[Black "Becker, Wilma"]
[Result "0-1"]
[Termination "normal"]
[Board "3.4"]
[WhiteElo "1095"]
[BlackElo "1511"]
[WhiteTeam "SC Tamm 74"]
[BlackTeam "SC Leipzig-Gohlis"]
[PlyCount "130"]
[BlackFideId "24659290"]
[EventCountry "GER"]
[EventRounds "7"]
[EventType "team-swiss"]
[EventDate "2003.12.26"]

1. e4 c6 2. Nc3 d5 3. e5 d4 4. Nce2 c5 5. f4 Nc6 6. Nf3 f6 7. Ng3 a6 8. a4 Qc7
9. Qe2 fxe5 10. Nxe5 Nxe5 11. Qxe5 Qxe5+ 12. fxe5 g6 13. d3 Bg7 14. Bf4 Nh6 15.
Ne4 b6 16. a5 b5 17. Nxc5 Ng4 18. e6 Rf8 19. h3 Nf6 20. Be5 Nh5 21. Bxg7 Nxg7
22. Nb3 Nxe6 23. O-O-O Rf2 24. Rd2 Rxd2 25. Nxd2 Nc5 26. Nf3 Ne6 27. g4 Bb7 28.
Bg2 Nf4 29. Nxd4 Bxg2 30. Re1 Rd8 31. Nb3 Bxh3 32. Nc5 Rd6 33. Re4 Nd5 34. Ne6
Nf6 35. Re1 Bxg4 36. Nc5 h5 37. Ne4 Nxe4 38. Rxe4 Bf5 39. Rh4 Kd7 40. Kd2 Bg4
41. Ke3 Rf6 42. Rh2 g5 43. c4 bxc4 44. dxc4 Rf4 45. Rc2 Bf5 46. Rc1 Re4+ 47.
Kd2 h4 48. b4 Be6 49. Kd3 Rxc4 50. Rxc4 Bxc4+ 51. Kxc4 h3 52. b5 axb5+ 53. Kxb5
h2 54. a6 h1=Q 55. Kb6 Qb1+ 56. Kc5 Qb8 57. Kd5 Qa8+ 58. Ke5 Qxa6 59. Kf5 Qe6+
60. Kxg5 Qf6+ 61. Kg4 Ke6 62. Kh5 Qg7 63. Kh4 Qg2 64. Kh5 Kf5 65. Kh4 Qg4# 0-1

[Event "DVM U20w 2003"]
[Site "Ditzingen GER"]
[Date "2003.12.30"]
[Round "7"]
[White "Blodig, Carolin"]
[Black "Stejskal, Janina Maria"]
[Result "0-1"]
[Termination "normal"]
[Board "4.1"]
[WhiteElo "1946"]
[BlackElo "1833"]
[WhiteTeam "Allersberger SC 2000"]
[BlackTeam "Hamburger SK von 1830"]
[PlyCount "106"]
[WhiteFideId "4692012"]
[BlackFideId "24601942"]
[EventCountry "GER"]
[EventRounds "7"]
[EventType "team-swiss"]
[EventDate "2003.12.26"]

1. e4 e5 2. Nf3 d6 3. d4 exd4 4. Nxd4 Nf6 5. Nc3 Be7 6. Bc4 O-O 7. O-O Nc6 8.
Re1 Ne5 9. Bb3 c5 10. Nf3 Bg4 11. Bf4 Bxf3 12. gxf3 Ng6 13. Bg3 Nh5 14. e5 Nxg3
15. exd6 Ne2+ 16. Rxe2 Bxd6 17. Ne4 Be7 18. Rd2 Qc8 19. Bd5 Nf4 20. Qf1 Rd8 21.
Rad1 Rxd5 22. Rxd5 Nxd5 23. Rxd5 Qe6 24. Qd3 b6 25. c4 h6 26. b3 Qg6+ 27. Kf1
Bf6 28. Rd6 Qh5 29. Nxf6+ gxf6 30. Qe4 Rf8 31. Qg4+ Qxg4 32. fxg4 Kg7 33. Rd7
Ra8 34. f4 a6 35. a4 Rb8 36. Rd5 Rb7 37. Kf2 Kg6 38. Kf3 Rb8 39. h4 Rb7 40. h5+
Kg7 41. Kf2 Kf8 42. Kf3 Ke7 43. Kg3 Rb8 44. g5 fxg5 45. fxg5 hxg5 46. Rxg5 Rh8
47. Kf4 Rh6 48. a5 Kf8 49. axb6 Rxb6 50. Rxc5 Rxb3 51. h6 Kg8 52. Ra5 Rb6 53.
Kg5 Rg6+ 0-1